书目信息 |
| 题名: |
房地产开发与经营
|
|
| 作者: | 黄英 主编 | |
| 分册: | ||
| 出版信息: | 北京 机械工业出版社 2004.05 |
|
| 页数: | 269页 | |
| 开本: | 26cm | |
| 丛书名: | 物业管理专业高职教育教材 | |
| 单 册: | ||
| 中图分类: | F293.3 | |
| 科图分类: | ||
| 主题词: | 房地产--fang di chan--经营--高等学校--教材 , 房地产--fang di chan--开发--高等学校--教材 | |
| 电子资源: | ||
| ISBN: | 7-111-07558-7 | |
| 000 | 01046nam 2200289 450 | |
| 001 | 010259300484 | |
| 005 | 20051130101412.25 | |
| 010 | @a7-111-07558-7@dCNY28.00 | |
| 100 | @a20051006d2004 km y0chiy0120 ea | |
| 101 | 0 | @achi |
| 102 | @aCN@b110000 | |
| 105 | @aa a 000yy | |
| 200 | 1 | @a房地产开发与经营@Afang di chan kai fa yu jing ying@f黄英主编@Fhuang ying zhu bian |
| 205 | @a第2版 | |
| 210 | @a北京@c机械工业出版社@d2004.05 | |
| 215 | @a269页@c图@d26cm | |
| 225 | 2 | @a物业管理专业高职教育教材@Awu ye guan li zhuan ye gao zhi jiao yu jiao cai |
| 320 | @a有书目。 | |
| 330 | @a本书介绍了房地产开发与经营的基本理论与方法,涉及房地产开发概论、房地产开发经营企业、房地产项目的可行性分析、房地产经营等内容。 | |
| 333 | @a高等职业技术教育教材 | |
| 410 | 0 | @12001 @a物业管理专业高职教育教材 |
| 606 | 0 | @a房地产@Afang di chan@x经营@x高等学校@x教材 |
| 606 | 0 | @a房地产@Afang di chan@x开发@x高等学校@x教材 |
| 690 | @aF293.3@v4 | |
| 701 | 0 | @a黄英@Ahuang ying@4主编 |
| 801 | 0 | @aCN@bQSSK@c20051130 |
| 905 | @a10447@dF293.3@eH912 | |
| 房地产开发与经营/黄英主编.-第2版.-北京:机械工业出版社,2004.05 |
| 269页:图;26cm.-(物业管理专业高职教育教材) |
| 使用对象:高等职业技术教育教材 |
| ISBN 7-111-07558-7:CNY28.00 |
| 本书介绍了房地产开发与经营的基本理论与方法,涉及房地产开发概论、房地产开发经营企业、房地产项目的可行性分析、房地产经营等内容。 |
| ● |
| 相关链接 |
|
|
|
正题名:房地产开发与经营
索取号:F293.3/H912
 
预约/预借
| 序号 | 登录号 | 条形码 | 馆藏地/架位号 | 状态 | 备注 |
| 1 | 576712 | 205767124 | 管理学院资料室/409社科库 105排1列4层/ [索取号:F293.3/H912] | 在馆 | |
| 2 | 576713 | 205767133 | 社科库409/409社科库 107排2列4层/ [索取号:F293.3/H912] | 在馆 | |
| 3 | 576714 | 205767142 | 社科库409/409社科库 107排2列4层/ [索取号:F293.3/H912] | 在馆 |